00557nam a2200169Ia 4500003000900000008004100009020001800050040001600068080001500084100002000099245013000119260003800249300001400287650004400301650001900345700002300364IN-BaIIA211028s9999 xx 000 0 eng d a0-471-50315-0 cIIA Library a519.6bULS aUlsoy, A. Galip 0aMicrocomputer applications in manufacturingcA Galip Ulsoy and Warren R. Devries  aNew YorkbJohn Wiley & Sonsc1989 axi, 368p. aManufacturing processes-data processing aMicrocomputers aDevries, Warren R.